Statistiques concernant Culture Générale - Série 68

Cliquez ici pour prendre le quiz!

Statistiques générales

  • Ce quiz a été pris 191 fois
  • Le résultat moyen est 3 sur 10

Statistiques - réponses

QuestionRéponse% Correct
Qu'est-ce qu'une sagaie ?Lance
57%
Qu'est-ce qu'une bonite (poisson) ?Thon
46%
Qu'est-ce qu'un caïque (oiseau) ?Perroquet
44%
Ecorce de chêne qui, réduite en poudre, sert à des usages diversTan
37%
On trouve également des caïques en Grèce. Dans ce cas, qu'est-ce ?Bateau
27%
Jeu de cartes où le dix et l'as sont les cartes maîtresses.Manille
26%
Jeune fille à laquelle on décerne solennellement, dans certaines localités, un prix de vertu symbolisé par une couronne de roses, et une récompenseRosière
26%
En argot, qu'est-ce que la joncaille ?Or
17%
Plante poussant sur les terrains salés du littoral ou près des gisements de sel, à tige charnue et à feuilles réduites à des mamelons, dont la cendre fournit de la soudeSalicorne
13%
Instrument en forme de tige servant à dilater, sonder ou nettoyer un conduit naturel ou un vaisseau sanguinCathéter
12%

Distribution des résultats

Percentile par nombre de réponses

% des personnes avec chaque résultat

Votre développement - résultats

Vous n’avez pas pris ce quiz